000 00867cab a2200289 4500
001 WB2840-11
008 090401t1992 xxu||||| |||| 00| 0 eng d
035 _a(Sirsi) u38901
041 _aeng
245 _aHomes plan for offices
260 _c1992
350 _a0
490 _aEvening Standard
_v13 October 1992, 31(1)
520 _aA glut of commercial office property in London has led to a number of property developers converting surplus space into low-cost housing. (See also WB2817-09 and WB2827-18).
650 _aCONVERSION
650 _aCORK GULLY
650 _aDRIVERS JONAS
650 _aLONDON DOCKLANDS
650 _aLOW-COST HOUSING
650 _aOFFICES
650 _aRESIDENTIAL USE
650 _aSOUTH QUAY
650 _aSTUDENT ACCOMMODATION
690 _aPROPERTY-COMMERCIAL PROPERTY
942 _n0
948 _c04/03/1997
999 _c24947
_d24947